ბათუმის შოთა რუსთაველის სახელმწიფო უნივერსიტეტის ბიბლიოთეკა

ვედრება. ლექსები (ბიბ.ჩანაწერი № 42227)

000 -LEADER
fixed length control field 00691nam a2200205Ia 4500
001 - CONTROL NUMBER
control field 8922
003 - CONTROL NUMBER IDENTIFIER
control field GE_BSU
008 - FIXED-LENGTH DATA ELEMENTS--GENERAL INFORMATION
fixed length control field 181216s||||||||xx |||||||||||||| ||und||
040 ## - CATALOGING SOURCE
Transcribing agency GE_BSU
080 ## - UNIVERSAL DECIMAL CLASSIFICATION NUMBER
Universal Decimal Classification number 821.353.1-1
100 ## - MAIN ENTRY--PERSONAL NAME
Personal name კლდიაშვილი,გურამ
245 ## - TITLE STATEMENT
Title ვედრება. ლექსები
245 ## - TITLE STATEMENT
Statement of responsibility, etc. რედ. შ.კაპანაძე,მხატვ. ვ.ხიდეშელი
260 ## - PUBLICATION, DISTRIBUTION, ETC.
Place of publication, distribution, etc. თბილისი
260 ## - PUBLICATION, DISTRIBUTION, ETC.
Name of publisher, distributor, etc. საბჭოთა საქართველო
260 ## - PUBLICATION, DISTRIBUTION, ETC.
Date of publication, distribution, etc. 1989
300 ## - PHYSICAL DESCRIPTION
Extent 247გვ.პორტრეტი, 21სმ.
653 ## - INDEX TERM--UNCONTROLLED
Uncontrolled term ვედრება. ლექსები
942 ## - ADDED ENTRY ELEMENTS (KOHA)
Koha item type წიგნი
ეგზემპლარები
Withdrawn status Lost status Damaged status Not for loan Date acquired Barcode Date last seen Price effective from Koha item type
        2018-12-17 31473 2018-12-17 2018-12-17 წიგნი
        2018-12-17 31474 2018-12-17 2018-12-17 წიგნი